Countries With Most Oil Reserves - Statistics

General Stats
  • This quiz has been taken 46 times
  • The average score is 9 of 10
Answer Stats
Continent Answer % Correct
North America Canada
100%
Europe Russia
100%
South America Venezuela
100%
North America USA
98%
Asia Iran
95%
Asia Iraq
95%
Asia Saudi Arabia
95%
Asia Kuwait
85%
Asia UAE
85%
Africa Libya
70%
No matching quizzes found
Score Distribution
Percent of People with Each Score
Percentile by Number Answered
Your Score History
You have not taken this quiz